Calculus of Multi Variable: Lectures 1-13, MTH-301 (Record no. 9680)
[ view plain ]
| 000 -LEADER | |
|---|---|
| fixed length control field | 00365 a2200121 4500 |
| 040 ## - CATALOGING SOURCE | |
| Original cataloging agency | DLC |
| Language of cataloging | DLC |
| 082 ## - DEWEY DECIMAL CLASSIFICATION NUMBER | |
| Classification number | 515 ANW |
| 100 ## - MAIN ENTRY--PERSONAL NAME | |
| Personal name | M. Anwar Rao Dr. |
| 245 ## - TITLE STATEMENT | |
| Title | Calculus of Multi Variable: Lectures 1-13, MTH-301 |
| Statement of responsibility, etc. | Dr. M. Anwar Rao |
| 260 ## - PUBLICATION, DISTRIBUTION, ETC. | |
| Place of publication, distribution, etc. | Lahore |
| Name of publisher, distributor, etc. | Virtual University |
| Date of publication, distribution, etc. | 2005 |
| 500 ## - GENERAL NOTE | |
| General note | Lectures 1-13, 14-25, 26-36, 37-45, (04 CD's) |
| 942 ## - ADDED ENTRY ELEMENTS (KOHA) | |
| Koha item type | CD,DVDs |
| Call number prefix | 515 ANW |
| Source of classification or shelving scheme | |
| Withdrawn status | Lost status | Damaged status | Not for loan | Collection code | Permanent Location | Current Location | Shelving location | Date acquired | Source of acquisition | Cost, normal purchase price | Total Checkouts | Full call number | Barcode | Date last seen | Price effective from | Koha item type |
|---|---|---|---|---|---|---|---|---|---|---|---|---|---|---|---|---|
| Central Library (CL) | Central Library (CL) | General Stacks | 08/03/2005 | New Public Book | 30.00 | 515 ANW | SEECS006166 | 11/14/2012 | 01/05/2017 | CD,DVDs | ||||||
| Central Library (CL) | Central Library (CL) | General Stacks | 08/03/2005 | New Public Book | 30.00 | 515 ANW | SEECS006167 | 11/14/2012 | 01/05/2017 | CD,DVDs | ||||||
| Central Library (CL) | Central Library (CL) | General Stacks | 08/03/2005 | New Public Book | 30.00 | 515 ANW | SEECS006168 | 11/14/2012 | 01/05/2017 | CD,DVDs | ||||||
| Central Library (CL) | Central Library (CL) | General Stacks | 08/03/2005 | New Public Book | 30.00 | 515 ANW | SEECS006169 | 11/14/2012 | 01/05/2017 | CD,DVDs |
